000 00544nam a2200181 i 4500
001 35268
003 ES-MaACL
005 20250311121844.0
007 t|
008 030212s1933 fr ||||1| fre d
100 1 _aBoret, Victor.
_930445
245 1 3 _aLe paradis infernal
_b: (U.R.S.S., 1933) /
_cVictor Boret ; preface d'Edouard Herriot.
260 _aParĂ­s :
_b[s.n.,
_c1933] (
_fImp. Compiegne)
300 _a420 p. ;
_c19 cm.
700 0 _aHerriot, Edouard,
_d1872-1957
_963370
852 _aES-MaACL
_jB-12866
999 _c35268
_d35268